000 00508nam a2200157 4500
999 _c6878
_d6878
008 170512b xxu||||| |||| 00| 0 eng d
022 _a0119-9000
082 _aDPer 641.505 C77 Jan-June 2013 v.13-14
100 _920809
_aLeyco, Nazarene A.
245 _aThe non-edible flour and other facts/
_cNazarene A. Leyco.
260 _aPhilippines:
_bUBM Medica,
_c©Jan-June 2013.
300 _av14 n2, pages 54-55:
_billustrations;
_c29 cm.
500 _aCook.
650 0 _920810
_aFlour
942 _2ddc
_cPER